| 000 | 00736nam a2200229 i 4500 | ||
|---|---|---|---|
| 001 | 54806 | ||
| 003 | ES-MaACL | ||
| 005 | 20250831014813.0 | ||
| 007 | t| | ||
| 008 | 040114s2002 sp ||||0| spa d | ||
| 020 | _a84-7455-082-3 | ||
| 040 |
_aM-BN _bspa _cM-BN |
||
| 080 | _a94(73) | ||
| 100 | 1 |
_aHernández Alonso, Juan José. _962876 |
|
| 245 | 1 | 4 |
_aLos Estados Unidos de América _b: historia y cultura / _cJuan José Hernández Alonso. |
| 260 |
_aSalamanca : _bAlmar, _c2002. |
||
| 300 |
_a818 p., [14] p. de lám : _blám. col. y n ; _c24 cm. |
||
| 504 | _aBibliografía: p. 741-776. Indice. | ||
| 651 | 4 |
_aEstados Unidos- _xHistoria _98540 |
|
| 852 |
_aES-MaACL _jL-26798 _bR.132419 |
||
| 999 |
_c54806 _d54806 |
||